Normal view
MARC view
- Hinton, S. E.
Entry Personal Name
001 - CONTROL NUMBER
- control field: 14276
003 - CONTROL NUMBER IDENTIFIER
- control field: NUST
005 - DATE AND TIME OF LATEST TRANSACTION
- control field: 20190515071011.0
008 - FIXED-LENGTH DATA ELEMENTS
- fixed length control field: 190515|| aca||aabn | a|a d
040 ## - CATALOGING SOURCE
- Original cataloging agency: NUST
- Transcribing agency: NUST
100 ## - HEADING--PERSONAL NAME
- Personal name: Hinton, S. E.
670 ## - SOURCE DATA FOUND
- Source citation: Work cat.: (NUST)0: Hinton, S. E., Rumble fish /, [1975]
